Initiales GA à GZ - Statistiques

Statistiques générales
  • Ce quiz a été pris 37 fois
  • Le résultat moyen est 10 sur 26
Statistiques - réponses
Lettres Définition Réponse % Correct
GA Styliste italien, dont sa gamme s'étend des vêtements jusqu'au parfum Giorgio Armani
88%
GT Jeune militante suédoise se battant contre le réchauffement climatique Greta Thunberg
88%
GO Ecrivain britannique mort en 1950 mais ayant "1984" pour livre le plus connu George Orwell
85%
GL Chanteur décédé de la mucoviscidose interprète de "Écris l'histoire" Grégory Lemarchal
85%
GS Romancière française qui dans la vie s'appelait Aurore Dupin George Sand
79%
GG Il a donné son nom à l'une des 4 maisons dans Harry Potter Godric Gryffondor
79%
GR Chef cuisinier anglais que l'on peut voir dans "Cauchemar en Cuisine" Gordon Ramsay
71%
GV Compositeur italien connus pour ses opéras Giuseppe Verdi
65%
GW Footballeur, et ancien président du Libéria George Weah
62%
GH Femme d'affaire tunisienne combattant pour l'IVG avec Simone Veil Gisèle Halimi
53%
GC Ministre de la guerre de 1917 à 1919 Georges Clémenceau
50%
GP Quintuple championne du monde de patinage artistique avec Guillaume Cizeron Gabriella Papadakis
41%
GK Groupe de rumba et de flamenco français Gipsy Kings
32%
GB Comédien français ayant la maladie des os de verre Guillaume Bats
26%
GD Vraie identité de Maître Gims Gandhi Djuna
15%
GI Footballeur belge, passé par Guingamp, l'OM et la Turquie notamment Gianelli Imbula
15%
GF Ancien pilote de F1 italien ayant 3 victoires et 19 podium a son palmarès Giancarlo Fisichella
12%
GX Footballeur phare de l'équipe de suisse Granit Xhaka
12%
GE Il a été nommé président de la Fédération française de Tennis de Table en 2020 Gilles Erb
9%
GN Président de l'Italie de 2006 à 2015 Giorgio Napolitano
6%
GM Pilote de moto anglais ou chef cuisinier français ils ont le même patronyme Guy Martin
6%
GU Actrice américaine jouant dans 7 à la maison et Friends par exemple Gabrielle Union
3%
GJ Gouverneur du Nouveau-Mexique de 1995 à 2003 Gary Johnson
3%
GQ Décathlonien français ayant dépassé les 8 000 points en 2012 Gaël Querin
0%
GZ Grand baryton italien depuis 1969 Giorgio Zancanaro
0%
GY Gal Gadot interprète ce personnage de fiction dans Fast & Furious Gisèle Yashar
0%
Aucun quiz correspondant
Distribution des résultats
% des personnes avec chaque résultat
Percentile par nombre de réponses
Votre historique - résultats
Vous n’avez pas pris ce quiz